000 00415nam a22001577a 4500
008 210505b ||||| |||| 00| 0 eng d
082 _a895.1 KHA
100 _aKhandu, Shenap
245 _aལྸ་བཟང་སྒྲོལ་མ།
260 _aThimphu :
_bKOM`S Publication,
_cN A.
300 _a87 p.
_c21 cm.
650 _aDzongkha Novel
700 _aTenzin, Karma
700 _aWangchuk
942 _2ddc
999 _c8728
_d8729